|
|
|
|
| LEADER |
00000nam0a2200000 4500 |
| 001 |
132932 |
| 005 |
20231101220410.0 |
| 035 |
|
|
|a (RuTPU)RU\TPU\book\143946
|
| 090 |
|
|
|a 132932
|
| 100 |
|
|
|a 20080311d2007 k y0rusy50 ca
|
| 101 |
0 |
|
|a rus
|
| 102 |
|
|
|a RU
|
| 105 |
|
|
|a a z 001zy
|
| 200 |
1 |
|
|a Геология и полезные ископаемые Красноярского края
|e [сборник]
|h Вып. 8
|f Администрация Красноярского края ; Красноярский научно-исследовательский институт геологии и минерального сырья (КНИИГиМС) ; гл. ред. А. Г. Еханин
|
| 210 |
|
|
|a Красноярск
|c КНИИГиМС
|d 2007
|
| 215 |
|
|
|a 215 с.
|c ил.
|
| 320 |
|
|
|a Библиография в конце статей
|
| 330 |
|
|
|a В сборнике изложены результаты исследований по проблемам недропользования и развития минерально-сырьевой базы, региональной геологии, рудоносности и нефтегазоносности Красноярского края и сопредельных территорий Центральной Сибири.
|
| 610 |
1 |
|
|a геология
|
| 610 |
1 |
|
|a полезные ископаемые
|
| 610 |
1 |
|
|a Красноярский край
|
| 610 |
1 |
|
|a минеральные ресурсы
|
| 610 |
1 |
|
|a недропользование
|
| 610 |
1 |
|
|a нефтегазоносность
|
| 610 |
1 |
|
|a рудообразование
|
| 610 |
1 |
|
|a экономика
|
| 610 |
1 |
|
|a геологические исследования
|
| 610 |
1 |
|
|a история
|
| 675 |
|
|
|a 55(571.51)
|v 3
|
| 675 |
|
|
|a 553(571.51)
|v 3
|
| 702 |
|
1 |
|a Еханин
|b А. Г.
|g Александр Георгиевич
|4 340
|
| 712 |
0 |
1 |
|a Красноярский край
|b Администрация
|2 stltpush
|3 (RuTPU)RU\TPU\col\4523
|9 23994
|
| 712 |
0 |
2 |
|a Красноярский научно-исследовательский институт геологии и минерального сырья (КНИИГиМС)
|2 stltpush
|3 (RuTPU)RU\TPU\col\38
|
| 801 |
|
1 |
|a RU
|b 63413507
|c 20080311
|g PSBO
|
| 801 |
|
2 |
|a RU
|b 63413507
|c 20091021
|g PSBO
|
| 900 |
|
|
|a Основы учения о полезных ископаемых
|
| 942 |
|
|
|c BK
|